000 00562nam a2200193Ia 4500
003 IN-BaIIA
008 211028s9999 xx 000 0 eng d
040 _cIIA Library
080 _a681.3
_bFIS
100 _aFisher, F. P.
_94504
245 0 _aComputer programming systems
_cF. Peter Fisher, George F. Swindle
260 _aNew York
_bHolt Rinehard and Winston
_c1964
300 _axi, 643p.
650 _aComputer programming languages
_94505
650 _aComputer programs
_94148
650 _aNASA thesaurus
700 _aSwindle, G.F.
_94506
942 _cBK
999 _c2525
_d2525